| 000 | 01555nam a22003257a 4500 | ||
|---|---|---|---|
| 005 | 20200104041738.0 | ||
| 008 | 160219b2015 ck ado |r|||| 00| 0 spa d | ||
| 020 | _a9789588889535 | ||
| 040 |
_aCO-BoIAVH _cCO-BoIAVH |
||
| 041 | 0 | _aspa | |
| 044 | _ack | ||
| 082 | 0 | 4 |
_a304.2 _bH71t3 |
| 100 | 1 | _aRojas, Alberto | |
| 245 | 1 | 0 |
_aSistemas de producción rural / _cpor Alberto Rojas |
| 250 | _aPrimera edición | ||
| 260 |
_aBogotá : _bInstituto de Investigación de Recursos Biológicos Alexander von Humboldt, _c2015. |
||
| 300 |
_a84 páginas : _bilustraciones, diagramas y fotografías a color ; _c21 x 30 cm. |
||
| 490 | 0 |
_aColección hojas de ruta: Guías para estudio socioecológico de altamontaña en Colombia ; _v3 |
|
| 504 | _aIncluye referencias bibliográficas: páginas 81-82. | ||
| 505 | 0 | _a1. Punto de partida. | |
| 505 | 0 | _a2. Recorriendo el camino. | |
| 505 | 0 | _a3. Otros caminos. | |
| 520 | _aLos sistemas ecológicos, en este caso los páramos, han sido espacios en constante interacción con las sociedades humanas a lo largo de la historia, y su configuración actual es el resultado de dicho proceso, constituyendo lo que desde las ciencias de la sostenibilidad se define como ecosistemas. | ||
| 650 | 6 | _aPáramos | |
| 650 | 4 |
_aSistemas de producción _xcaracterización |
|
| 650 | 4 | _aEcología del paisaje | |
| 650 | 4 | _aInvestigación social-ecológica | |
| 710 | 2 | _aInstituto de Investigación de Recursos Biológicos Alexander von Humboldt. | |
| 942 |
_2ddc _cLIBRO _03 |
||
| 999 |
_c18155 _d18155 |
||